A super scary narwhalloween (Record no. 386436)
[ view plain ]
| 000 -LEADER | |
|---|---|
| fixed length control field | 00698nam a22002535 4500 |
| 005 - DATE AND TIME OF LATEST TRANSACTION | |
| control field | 20260108172253.0 |
| 008 - FIXED-LENGTH DATA ELEMENTS--GENERAL INFORMATION | |
| fixed length control field | 221006s2023 j 0 eng |
| 010 ## - LIBRARY OF CONGRESS CONTROL NUMBER | |
| LC control number | BD23124087 |
| 020 ## - INTERNATIONAL STANDARD BOOK NUMBER | |
| International Standard Book Number | 9780735266742 ; |
| Terms of availability | 12.99 |
| 035 ## - SYSTEM CONTROL NUMBER | |
| System control number | 133430928 |
| 040 ## - CATALOGING SOURCE | |
| Description conventions | rda |
| 082 04 - DEWEY DECIMAL CLASSIFICATION NUMBER | |
| Classification number | 741.5973 |
| Edition number | 23 |
| 092 ## - LOCALLY ASSIGNED DEWEY CALL NUMBER (OCLC) | |
| Classification number | graphic novel |
| 999 ## - SYSTEM CONTROL NUMBERS (KOHA) | |
| Koha Dewey Subclass [OBSOLETE] | 03881332 |
| 100 1# - MAIN ENTRY--PERSONAL NAME | |
| Personal name | Clanton, Ben, |
| Dates associated with a name | 1988- |
| Relator term | author, |
| -- | illustrator. |
| 9 (RLIN) | 5791651 |
| 245 12 - TITLE STATEMENT | |
| Title | A super scary narwhalloween |
| 264 #1 - Production, Publication, Distribution, Manufacture, and Copyright Notice. | |
| Place of production, publication, distribution, manufacture | Toronto, Ontario : |
| Name of producer, publisher, distributor, manufacturer | Tundra Books, |
| Date of production, publication, distribution, manufacture, or copyr | [2023] |
| 490 0# - SERIES STATEMENT | |
| Series statement | Narwhal and Jelly ; |
| Volume number/sequential designation | 8 |
| 500 ## - GENERAL NOTE | |
| General note | Brodart Bibz On-Order Record |
| 942 ## - ADDED ENTRY ELEMENTS (KOHA) | |
| Source of classification or shelving scheme | Dewey Decimal Classification |
| Koha item type | BOOK |
| Withdrawn status | Lost status | Source of classification or shelving scheme | Damaged status | Not for loan | Collection code | Home library | Current library | Shelving location | Date acquired | Serial Enumeration / chronology | Total Checkouts | Total Renewals | Full call number | Barcode | Date last seen | Date checked out | Cost, replacement price | Price effective from | Koha item type | Checked out |
|---|---|---|---|---|---|---|---|---|---|---|---|---|---|---|---|---|---|---|---|---|
| Dewey Decimal Classification | Junior Graphic Novels | Wasatch County Library | Wasatch County Library | First Floor | 09/18/2023 | #8 Narwhal and Jelly | 18 | 18 | J GN Clanton | 34301002039222 | 02/25/2026 | 02/18/2026 | 12.99 | 09/18/2023 | BOOK | |||||
| Dewey Decimal Classification | Junior Graphic Novels | Wasatch County Library | Wasatch County Library | First Floor | 09/18/2023 | #8 Narwhal and Jelly | 22 | 22 | J GN Clanton | 34301002039180 | 03/05/2026 | 03/05/2026 | 12.99 | 09/18/2023 | BOOK | 05/01/2026 |
